000 00463nam a2200169Ia 4500
008 090711s9999 xx 000 0 und d
082 _b45144
100 _aओक सुनेत्रा
245 _aआय कन्फेस
260 _c1982
300 _a85
600 _aओक सुनेत्रा
630 _aआय कन्फेस
700 _aओक सुनेत्रा
730 _aआय कन्फेस
942 _cBOOK
999 _c326971
_d326971